[Event "CZE-ch Betsys Online Blitz"]
[Site "Chess.com INT"]
[Date "2021.04.17"]
[Round "2"]
[White "Strasil, Pavel"]
[Black "Neumann, Filip"]
[Result "1/2-1/2"]
[WhiteElo "2027"]
[BlackElo "2098"]
[PlyCount "108"]
[EventDate "2021.04.17"]
[EventType "swiss (blitz)"]
[EventRounds "13"]
[EventCountry "CZE"]
[SourceTitle "CBM 201 Extra"]
[Source "ChessBase"]
[SourceDate "2021.05.31"]
[SourceVersion "1"]
[SourceVersionDate "2021.05.31"]
[SourceQuality "1"]

1. Nf3 g6 2. d4 Bg7 3. g3 Nf6 4. Bg2 0-0 5. 0-0 d5 6. Nbd2 c6 7. e3 Bf5 8. c4 Nbd7 9. b3 Ne4 10. Bb2 Nxd2 11. Qxd2 Re8 12. Nh4 Be4 13. f3 Bf5 14. Nxf5 gxf5 15. cxd5 cxd5 16. Qd3 e6 17. Qb5 Nb6 18. Rfc1 a6 19. Qb4 Bf8 20. Qd2 Qd6 21. Rc2 Rac8 22. Rac1 Rxc2 23. Rxc2 Rc8 24. Rxc8 Nxc8 25. Bf1 Na7 26. Qc3 Qc6 27. Bd3 Nb5 28. Qxc6 bxc6 29. a4 Nc7 30. Bc3 Bd6 31. Ba5 Kf8 32. Bxc7 Bxc7 33. Bxa6 Ke7 34. Kf2 Ba5 35. Ke2 Kd6 36. Kd3 h5 37. h3 Be1 38. g4 fxg4 39. fxg4 hxg4 40. hxg4 f6 41. Bc8 Bb4 42. e4 e5 43. exd5 cxd5 44. Bf5 e4+ 45. Bxe4 dxe4+ 46. Kxe4 Ke6 47. d5+ Kd6 48. Kf5 Bc3 49. g5 fxg5 50. Kxg5 Kxd5 51. Kf5 Kc5 52. Ke4 Kb4 53. Kd3 Kxb3 54. a5 Bxa5 1/2-1/2

[Event "Pardubice Czech op-A 31st"]
[Site "Pardubice"]
[Date "2020.09.26"]
[Round "6"]
[White "Neumann, Filip"]
[Black "Kusa, Jakub"]
[Result "0-1"]
[WhiteElo "2077"]
[BlackElo "2200"]
[PlyCount "102"]
[EventDate "2020.09.21"]
[EventType "swiss"]
[EventRounds "9"]
[EventCountry "CZE"]
[SourceTitle "CBM 198 Extra"]
[Source "ChessBase"]
[SourceDate "2020.11.30"]
[SourceVersion "1"]
[SourceVersionDate "2020.11.30"]
[SourceQuality "1"]

1. e4 e5 2. Nf3 Nc6 3. Nc3 Nf6 4. d4 exd4 5. Nxd4 Bb4 6. Nxc6 bxc6 7. Bd3 d5 8. exd5 0-0 9. 0-0 cxd5 10. Bg5 c6 11. Qf3 Be7 12. Rfe1 Re8 13. h3 Be6 14. Re2 Nd7 15. Bxe7 Qxe7 16. Rae1 Rab8 17. Nd1 Nc5 18. Bf5 Qd7 19. Bxe6 Nxe6 20. c3 h6 21. Qg4 Qd6 22. g3 Nc7 23. Rxe8+ Nxe8 24. Ne3 Qe6 25. Re2 Nf6 26. Qxe6 fxe6 27. f3 Kf7 28. Ng4 Nd7 29. b4 h5 30. Ne5+ Nxe5 31. Rxe5 g6 32. Re2 a5 33. a3 axb4 34. cxb4 Ra8 35. Re3 d4 36. Rd3 e5 37. f4 Ke6 38. Kf2 Rf8 39. Rf3 e4 40. Rb3 Kd5 41. b5 cxb5 42. Rxb5+ Kc4 43. Rb6 g5 44. Ke2 gxf4 45. gxf4 Rxf4 46. Rc6+ Kd5 47. Rg6 d3+ 48. Kd2 Rf2+ 49. Ke1 Rh2 50. a4 e3 51. Rg1 Ra2 0-1